Participants à la Star Academy 2022 - Statistiques

Statistiques générales
  • Ce quiz a été pris 713 fois
  • Le résultat moyen est 11 sur 13
Statistiques - réponses
Elimination Réponse % Correct
Finaliste Anisha
98%
Finaliste Louis
98%
Finaliste Enola
97%
Finaliste Léa
96%
Demi-finaliste Tiana
87%
Prime 5 Stanislas
86%
Prime 4 Carla
84%
Prime 5 Julien
82%
Prime 4 Paola
81%
Demi-finaliste Chris
79%
Prime 3 Ahcène
75%
Prime 3 Cenzo
74%
Prime 2 Amisse
70%
Aucun quiz correspondant
Distribution des résultats
% des personnes avec chaque résultat
Percentile par nombre de réponses
Votre historique - résultats
Vous n’avez pas pris ce quiz